[Event "Bad Woerishofen Seniors op 30th"]
[Site "Bad Woerishofen"]
[Date "2014.03.27"]
[Round "7"]
[White "Krase, Peter Axel"]
[Black "Wawrinsky, Ludwig"]
[Result "0-1"]
[WhiteElo "1927"]
[BlackElo "1817"]
[PlyCount "120"]
[EventDate "2014.03.21"]
[EventType "swiss"]
[EventRounds "9"]
[EventCountry "GER"]
[SourceTitle "EXT 2019"]
[Source "ChessBase"]
[SourceDate "2018.10.10"]
[SourceVersion "1"]
[SourceVersionDate "2018.10.10"]
[SourceQuality "1"]

1. e4 e6 2. d4 b6 3. Nc3 Bb4 4. Nf3 Bb7 5. Bd3 Bxc3+ 6. bxc3 d6 7. 0-0 Nd7 8. Re1 e5 9. Qe2 Ngf6 10. a4 a5 11. Rb1 0-0 12. Bg5 Re8 13. Bh4 Qc8 14. d5 h6 15. h3 Nh5 16. Bg3 Nxg3 17. fxg3 Nc5 18. Bb5 Rf8 19. Nh4 Qd8 20. Nf5 Bc8 21. Rf1 Kh7 22. Rbc1 Bxf5 23. Rxf5 g6 24. Rf2 Qg5 25. Kh2 h5 26. Rcf1 Kg7 27. h4 Qe7 28. Qe3 Rad8 29. Qf3 f5 30. exf5 Rxf5 31. Qe3 Rxf2 32. Rxf2 Rf8 33. Re2 Qf7 34. Kg1 Qf5 35. Kh2 Qg4 36. Rf2 Rxf2 37. Qxf2 Ne4 38. Qe3 Nc5 39. Qf2 Qf5 40. Qe2 e4 41. Qe3 Qxd5 42. c4 Qe5 43. Bc6 Qe6 44. Bd5 Qe8 45. Qd4+ Kh7 46. Qf6 Nd7 47. Qf4 Nc5 48. Qf6 Qe5 49. Qf4 Qg7 50. Qe3 Nd7 51. Qxe4 Ne5 52. Qf4 Ng4+ 53. Kh3 Qf6 54. Qf3 Kg7 55. Qf4 Qf5 56. Qxf5 gxf5 57. Bf3 Kf6 58. Bxg4 fxg4+ 59. Kh2 Ke5 60. c3 Ke4 0-1

[Event "Bad Woerishofen Seniors op 30th"]
[Site "Bad Woerishofen"]
[Date "2014.03.25"]
[Round "5"]
[White "Krase, Peter Axel"]
[Black "Flockerzi, Armin"]
[Result "1/2-1/2"]
[WhiteElo "1927"]
[BlackElo "1815"]
[PlyCount "120"]
[EventDate "2014.03.21"]
[EventType "swiss"]
[EventRounds "9"]
[EventCountry "GER"]
[SourceTitle "EXT 2019"]
[Source "ChessBase"]
[SourceDate "2018.10.10"]
[SourceVersion "1"]
[SourceVersionDate "2018.10.10"]
[SourceQuality "1"]

1. d4 d5 2. Nc3 Nf6 3. Bg5 Nbd7 4. Nf3 e6 5. e3 Bb4 6. a3 Bxc3+ 7. bxc3 c6 8. Bd3 h6 9. Bh4 Qa5 10. 0-0 Qxc3 11. Bxf6 Nxf6 12. Ne5 Nd7 13. Qh5 Nxe5 14. Qxe5 0-0 15. a4 Qa5 16. Rfb1 Qd8 17. c4 f6 18. Qh5 dxc4 19. Bxc4 f5 20. a5 Rb8 21. Qg6 Qe7 22. Rb2 Bd7 23. Rab1 Bc8 24. Qg3 Ra8 25. Qe5 Kh8 26. Bd3 Qf6 27. Qc5 Qf7 28. a6 b6 29. Qxc6 Bd7 30. Qd6 Rfc8 31. Rc2 Rxc2 32. Bxc2 Qe8 33. Bd3 Rc8 34. Qa3 Rc7 35. Rc1 Rxc1+ 36. Qxc1 Bb5 37. Bxb5 Qxb5 38. Qc8+ Kh7 39. h3 Qb1+ 40. Kh2 b5 41. Qb7 b4 42. Qxa7 b3 43. Qb7 b2 44. a7 Qa2 45. a8Q Qxa8 46. Qxb2 Qd5 47. Qb8 Qe4 48. Qc7 Kg6 49. Qf4 Qd5 50. g4 h5 51. Qg3 hxg4 52. hxg4 Kf7 53. gxf5 exf5 54. Qe5 Qf3 55. Qg3 Qe4 56. Qf4 Qxf4+ 57. exf4 Ke6 58. Kg3 Kd5 59. Kh4 Kxd4 60. Kg5 Ke4 1/2-1/2

[Event "Arber op Seniors 1st"]
[Site "Bayerisch Eisenstein"]
[Date "2013.07.02"]
[Round "4"]
[White "Krase, Peter Axel"]
[Black "Westphal, Norbert"]
[Result "0-1"]
[WhiteElo "1912"]
[BlackElo "1900"]
[PlyCount "50"]
[EventDate "2013.06.29"]
[EventType "swiss"]
[EventRounds "9"]
[EventCountry "GER"]
[SourceTitle "EXT 2014"]
[Source "ChessBase"]
[SourceDate "2013.11.20"]
[SourceVersion "1"]
[SourceVersionDate "2013.11.20"]
[SourceQuality "1"]

1. e4 Nf6 2. e5 Nd5 3. d4 d6 4. Nf3 c6 5. Bc4 Bg4 6. 0-0 dxe5 7. dxe5 e6 8. Qe2 Nd7 9. Nbd2 Qc7 10. Bxd5 cxd5 11. c4 Bxf3 12. Nxf3 Qxc4 13. Qd1 Bb4 14. b3 Qg4 15. Qd3 a6 16. Bd2 Qg6 17. Qe2 0-0 18. Kh1 h6 19. Nh4 Qe4 20. Qxe4 dxe4 21. g3 g5 22. Ng2 Nxe5 23. h4 Nf3 24. Bc1 f5 25. hxg5 hxg5 0-1

[Event "Arber op Seniors 1st"]
[Site "Bayerisch Eisenstein"]
[Date "2013.07.01"]
[Round "3"]
[White "Baier, Peter"]
[Black "Krase, Peter Axel"]
[Result "0-1"]
[WhiteElo "1748"]
[BlackElo "1912"]
[PlyCount "60"]
[EventDate "2013.06.29"]
[EventType "swiss"]
[EventRounds "9"]
[EventCountry "GER"]
[SourceTitle "EXT 2014"]
[Source "ChessBase"]
[SourceDate "2013.11.20"]
[SourceVersion "1"]
[SourceVersionDate "2013.11.20"]
[SourceQuality "1"]

1. Nf3 d5 2. d4 g6 3. Bf4 Bg7 4. e3 Nf6 5. Nbd2 0-0 6. h3 Nbd7 7. Be2 c5 8. c3 a6 9. 0-0 Re8 10. Re1 Nh5 11. Bh2 Nhf6 12. a3 b5 13. b4 cxd4 14. cxd4 Bb7 15. Qb3 Nb6 16. Rac1 Nc4 17. a4 Nd7 18. axb5 axb5 19. Nxc4 dxc4 20. Qb2 e5 21. dxe5 Qe7 22. Red1 Ra4 23. Qd2 Bxf3 24. Bxf3 Nxe5 25. Bxe5 Bxe5 26. Bc6 Rb8 27. Qd5 Rxb4 28. Rb1 Bb2 29. Qd6 Qxd6 30. Rxd6 c3 0-1

[Event "Bad Griesbach Seniors op 14th"]
[Site "Bad Griesbach"]
[Date "2011.12.06"]
[Round "3"]
[White "Krase, Peter Axel"]
[Black "Sierian, Peter"]
[Result "0-1"]
[WhiteElo "1694"]
[BlackElo "1746"]
[PlyCount "82"]
[EventDate "2011.12.04"]
[EventType "swiss"]
[EventRounds "7"]
[EventCountry "GER"]
[SourceTitle "EXT 2015"]
[Source "ChessBase"]
[SourceDate "2014.11.20"]
[SourceVersion "1"]
[SourceVersionDate "2014.11.20"]
[SourceQuality "1"]

1. e4 b6 2. d4 Bb7 3. Nc3 e6 4. g3 Bb4 5. Bg2 Nf6 6. Bg5 h6 7. Bxf6 Bxc3+ 8. bxc3 gxf6 9. c4 f5 10. d5 Qf6 11. exf5 Qc3+ 12. Kf1 Qxc4+ 13. Ne2 Bxd5 14. fxe6 Bxg2+ 15. Kxg2 dxe6 16. Nf4 Qc6+ 17. Kh3 Nd7 18. Re1 0-0-0 19. Qe2 Nc5 20. Nd3 Nxd3 21. cxd3 Qd5 22. Red1 Rhg8 23. Rac1 Rg5 24. f3 Qb7 25. Rc4 Rgd5 26. Kg2 h5 27. a4 Rd4 28. Rxd4 Rxd4 29. Qe5 Qd5 30. Qh8+ Kb7 31. Qh7 Rxa4 32. Qxf7 Ra2+ 33. Kh3 Qf5+ 34. Qxf5 exf5 35. Re1 a5 36. d4 a4 37. d5 a3 38. Rb1 Rd2 39. Ra1 a2 40. Kh4 b5 41. Kg5 b4 0-1

[Event "Bayern-ch Seniors 23rd"]
[Site "Bergen"]
[Date "2011.06.03"]
[Round "7"]
[White "Krase, Peter Axel"]
[Black "Muenzenberg, Dietrich"]
[Result "1/2-1/2"]
[WhiteElo "1674"]
[BlackElo "1602"]
[PlyCount "107"]
[EventDate "2011.05.28"]
[EventType "swiss"]
[EventRounds "9"]
[EventCountry "GER"]
[SourceTitle "EXT 2012"]
[Source "ChessBase"]
[SourceDate "2011.11.24"]
[SourceVersion "1"]
[SourceVersionDate "2011.11.24"]
[SourceQuality "1"]

1. Nf3 c6 2. d4 d5 3. e3 g6 4. Be2 Bg7 5. Nbd2 Nf6 6. c3 Bf5 7. Nh4 Bd7 8. Qc2 Qc7 9. Bd3 e5 10. dxe5 Qxe5 11. Nhf3 Qe7 12. 0-0 0-0 13. e4 Re8 14. exd5 Nxd5 15. Nb3 Qd6 16. Bg5 Bg4 17. Nbd2 Nd7 18. Ne4 Qc7 19. Ned2 Nc5 20. Nd4 Nxd3 21. Qxd3 Re5 22. N2f3 Ree8 23. h3 Bd7 24. Qd2 Re4 25. Rfe1 Rae8 26. Rxe4 Rxe4 27. Re1 Rxe1+ 28. Qxe1 c5 29. Ne2 Bc6 30. Qd2 a5 31. Nf4 h6 32. Nxd5 Bxd5 33. Qxd5 hxg5 34. Nxg5 Qe7 35. Nf3 b5 36. Qa8+ Kh7 37. Qxa5 b4 38. cxb4 cxb4 39. a3 Bxb2 40. axb4 Bc3 41. Qc5 Bxb4 42. Qxe7 Bxe7 43. Kf1 f5 44. Nd4 Bf6 45. Ne6 Kg8 46. Ke2 Kf7 47. Nc5 Bd4 48. Nd3 g5 49. f4 Kf6 50. Kf3 Bc3 51. fxg5+ Kxg5 52. h4+ Kxh4 53. Kf4 Bd2+ 54. Kxf5 1/2-1/2

[Event "Bad Griesbach Seniors op 13th"]
[Site "Bad Griesbach"]
[Date "2010.12.08"]
[Round "4"]
[White "Krase, Peter Axel"]
[Black "Post, Hermann"]
[Result "1-0"]
[WhiteElo "1784"]
[BlackElo "1569"]
[PlyCount "79"]
[EventDate "2010.12.05"]
[EventType "swiss"]
[EventRounds "7"]
[EventCountry "GER"]
[SourceTitle "EXT 2015"]
[Source "ChessBase"]
[SourceDate "2014.11.20"]
[SourceVersion "1"]
[SourceVersionDate "2014.11.20"]
[SourceQuality "1"]

1. d4 f5 2. Nf3 Nf6 3. c4 e6 4. Nc3 Be7 5. g3 d6 6. Bg2 0-0 7. Bg5 Nbd7 8. Qc2 Nb6 9. Nd2 c6 10. h4 h6 11. Bf4 Nh5 12. e3 Bd7 13. Ne2 Nf6 14. e4 fxe4 15. Nxe4 Nxe4 16. Bxe4 Be8 17. Be3 Bh5 18. Nf4 Rxf4 19. Bxf4 e5 20. dxe5 dxe5 21. Bxe5 Bb4+ 22. Kf1 Qe7 23. a3 Bd6 24. Bxd6 Qxd6 25. c5 Qe5 26. cxb6 Qb5+ 27. Bd3 Qxb6 28. Kg2 Rd8 29. Rhe1 Qc7 30. Re3 Qd7 31. Rae1 Qd6 32. Bc4+ Bf7 33. Qb3 Bxc4 34. Qxc4+ Qd5+ 35. Qxd5+ Rxd5 36. Re7 Rb5 37. b4 a5 38. bxa5 Rxa5 39. Rxb7 Rxa3 40. Rc1 1-0

[Event "Bad Griesbach Seniors op 12th"]
[Site "Bad Griesbach"]
[Date "2009.11.30"]
[Round "2"]
[White "Krase, Peter Axel"]
[Black "Winiwarter, Felix"]
[Result "0-1"]
[WhiteElo "1806"]
[BlackElo "2300"]
[PlyCount "42"]
[EventDate "2009.11.29"]
[EventType "swiss"]
[EventRounds "7"]
[EventCountry "GER"]
[SourceTitle "EXT 2015"]
[Source "ChessBase"]
[SourceDate "2014.11.20"]
[SourceVersion "1"]
[SourceVersionDate "2014.11.20"]
[SourceQuality "1"]

1. Nf3 Nf6 2. d4 g6 3. c4 Bg7 4. Nc3 0-0 5. e4 d6 6. Be2 e5 7. d5 a5 8. a4 Na6 9. Bg5 h6 10. Bd2 Nc5 11. Qc2 Nh5 12. Be3 b6 13. Nd2 Nf4 14. Bxf4 exf4 15. 0-0-0 f5 16. f3 Bd7 17. Nb5 Qf6 18. b3 Bxb5 19. cxb5 Rae8 20. Bd3 Nxd3+ 21. Qxd3 Qb2# 0-1

[Event "Bad Griesbach Seniors op 11th"]
[Site "Bad Griesbach"]
[Date "2008.12.09"]
[Round "3"]
[White "Post, Hermann"]
[Black "Krase, Peter Axel"]
[Result "1/2-1/2"]
[WhiteElo "1656"]
[BlackElo "1767"]
[PlyCount "130"]
[EventDate "2008.12.07"]
[EventType "swiss"]
[EventRounds "7"]
[EventCountry "GER"]
[SourceTitle "EXT 2015"]
[Source "ChessBase"]
[SourceDate "2014.11.20"]
[SourceVersion "1"]
[SourceVersionDate "2014.11.20"]
[SourceQuality "1"]

1. d4 d5 2. c4 e6 3. Nc3 Nf6 4. e3 Bd6 5. Nf3 c6 6. cxd5 exd5 7. Qc2 Bg4 8. Be2 Nbd7 9. 0-0 0-0 10. h3 Bh5 11. Re1 Re8 12. Nd2 Bxe2 13. Rxe2 Rc8 14. Nb3 c5 15. dxc5 Nxc5 16. Nd4 Nce4 17. Bd2 Bb8 18. Qd1 Qd6 19. g3 Ng5 20. Qf1 Qd7 21. Kh2 h5 22. f4 Nge4 23. Nxe4 Nxe4 24. Qf3 Nf6 25. Bc3 Ne4 26. Be1 g6 27. g4 hxg4 28. hxg4 Kg7 29. Kg1 Rh8 30. Rh2 Rxh2 31. Kxh2 Ng5 32. Qe2 Rh8+ 33. Kg2 Qe7 34. Bg3 Qe4+ 35. Nf3 Ne6 36. Qd2 g5 37. fxg5 Nxg5 38. Qd4+ Qxd4 39. Nxd4 Bxg3 40. Kxg3 Kg6 41. Rf1 Rh3+ 42. Kf4 Rh2 43. Rb1 f6 44. Nf5 Rf2+ 45. Kg3 Ne4+ 46. Kh3 Kg5 47. a4 Rf3+ 48. Kg2 Kxg4 49. Nh6+ Kg5 50. Kxf3 Nd2+ 51. Ke2 Nxb1 52. Nf7+ Kf5 53. Nd6+ Ke5 54. Nxb7 d4 55. Kd3 dxe3 56. Kxe3 f5 57. Nc5 f4+ 58. Ke2 f3+ 59. Kxf3 Nd2+ 60. Ke2 Nc4 61. b3 Nd6 62. Kd3 Kd5 63. Na6 Kc6 64. Kd4 Kb6 65. Nb4 Nb7 1/2-1/2